000 01092nam a22002777a 4500
001 9632
003 FISKH
005 20260127141921.0
008 260126b cb ||||| |||| 00| 0 eng d
020 _a9780679720201
040 _aFISKH
_beng
_cFISKH
_dFISKH
050 _a PQ2605 .A3734
082 _a843.914
100 _aCamus , Albert
245 _aThe stranger /
_cBy Albert Camus : Translated from the French by Mathew Ward
260 _aNew York :
_bVintage international ,
_c1988 .
300 _a123 pages :
_billustrations ;
_c20 cm .
505 _aW
520 _aWhen a young Algerian named Meursault kills a man, his subsequent imprisonment and trial are puzzling and absurd. The apparently amoral Meursault--who puts little stock in ideas like love and God--seems to be on trial less for his murderous actions, and more for what the authorities believe is his deficient character.
521 8 _a880
_bLexile
521 8 _aW
_bRaz-Plus
650 _aPhilosophy
_vFiction
700 _aWatd , Mathew
_eTranslator
942 _2ddc
_cBK
_n0
999 _c9632
_d9632